Science / (Record no. 3187)
[ view plain ]
| 000 -LEADER | |
|---|---|
| fixed length control field | 00434nam a22001697a 4500 |
| 003 - CONTROL NUMBER IDENTIFIER | |
| control field | OSt |
| 005 - DATE AND TIME OF LATEST TRANSACTION | |
| control field | 20150108094513.0 |
| 008 - FIXED-LENGTH DATA ELEMENTS--GENERAL INFORMATION | |
| fixed length control field | 130626t xxu||||| |||| 00| 0 eng d |
| 050 ## - LIBRARY OF CONGRESS CALL NUMBER | |
| Classification number | GE 105 |
| Item number | .C678 1986 |
| 082 ## - DEWEY DECIMAL CLASSIFICATION NUMBER | |
| Classification number | FIL 372.3 |
| Item number | Sci2 1986 |
| 245 ## - TITLE STATEMENT | |
| Title | Science / |
| Statement of responsibility, etc | Michael R. Cohen |
| 260 ## - PUBLICATION, DISTRIBUTION, ETC. (IMPRINT) | |
| Place of publication, distribution, etc | Manila : |
| Name of publisher, distributor, etc | Academe/Scott, Foresman, |
| Date of publication, distribution, etc | c1986. |
| 300 ## - PHYSICAL DESCRIPTION | |
| Extent | vii. 302 p. ; |
| Dimensions | 23 cm. : |
| 562 ## - COPY AND VERSION IDENTIFICATION NOTE | |
| Number of copies | 1 |
| 942 ## - ADDED ENTRY ELEMENTS (KOHA) | |
| Source of classification or shelving scheme | Library of Congress Classification |
| Koha item type | Books |
| Withdrawn status | Lost status | Source of classification or shelving scheme | Damaged status | Home library | Current library | Shelving location | Date acquired | Total Checkouts | Full call number | Barcode | Date last seen | Copy number | Price effective from | Koha item type |
|---|---|---|---|---|---|---|---|---|---|---|---|---|---|---|
| Library of Congress Classification | Luxembourg Library | Luxembourg Library | Filipiniana Section | 06/26/2013 | GE 105 .C678 1986 | 10501 | 06/08/2014 | 1 | 06/26/2013 | Books |